Logo BPK

Biblioteka

Politechniki Koszalińskiej

Betrieb, Instandhaltung und Reinigung von Kanalisationsanlagen / (Rekord nr 11775)

Szczegóły MARC
000 -ETYKIETA REKORDU
podpole kontrolne o stałej długości 00418nam a2200157 i 4500
001 - NUMER KONTROLNY REKORDU
pole kontrolne bg
040 ## - ŹRÓDŁO KATALOGOWANIA
Instytucja, która utworzyła rekord BPK
041 ## - KOD JĘZYKA
Kod języka tekstu pol
080 ## - UNIWERSALNA KLASYFIKACJA DZIESIĘTNA - UKD
UKD 628.1/.2:658.2
008 - POLE O STAŁEJ DŁUGOŚCI - DANE KONTROLNE
podpole kontrolne o stałej długości s pl f |000 0 pol
100 1# - NAZWA OSOBOWA
Nazwa osobowa GENAL, Fritz
245 #0 - TYTUŁ/ODPOWIEDZIALNOŚĆ
Tytuł Betrieb, Instandhaltung und Reinigung von Kanalisationsanlagen /
Pozostałe elementy strefy tytułu i oznaczenia odpowiedzialności Fritz Genal.
260 ## - STREFA ADRESU WYDAWNICZEGO
Miejsce wydania Wiesbaden :
Nazwa wydawcy/dystrybutora Bauverlag,
Data publikacji, dystrybucji/powstania dokumentu 1968.
300 ## - STREFA OPISU FIZYCZNEGO
Objętość s. 224 :
Inne cechy fizyczne ilustr.
856 ## - LOKALIZACJA I DOSTĘP DO ELEKTRONICZNYCH DOKUMENTÓW ZDALNYCH
Link (URL) http://koha.tu.koszalin.pl/cgi-bin/koha/opac-detail.pl?biblionumber=11775
Tekst linku Katalog online BPK
942 ## - DODATKOWE ELEMENTY (KOHA)
Typ dokumentu Książka
Egzemplarze
Wycofany Status egzemplarza Uszkodzony Dostępność Lokalizacja stała Lokalizacja bieżąca Miejsce przechowywania Sygnatura Kod kreskowy Typ dokumentu
      Dostępny Biblioteka Politechniki Koszalińskiej Biblioteka Politechniki Koszalińskiej Wypożyczalnia BG 5473 02190556 Książka
© 2023 Biblioteka Politechniki Koszalińskiej :: KOHA